00480nam a2200145Ia 4500008004100000041000800041082001600049100001900065245004500084250001400129260003900143300003100182999001500213952010600228240624s9999 xx 000 0 und d aeng a658.406 JON aJONES GARETH R aORGANIZATIONAL THEORY DESIGN AND CHANGES a(4th ed.) c2004aNew DelhibPearson Education axxv, : 592 : p. : cm. ; 25 c8721d8721 00104070aIMTNbIMTNcRack 31-Ad2008-05-13o658.406 JONp8721r2024-06-24 00:00:00w2024-06-24yBK